000 00672nam a22002657a 4500
001 0164
003 DO-SdBNP
005 20160314092053.0
007 0164
008 151005b 200 1965 xxu 00| 0 spa d
040 _aBPMSU
_bspa
_cBPMSU
092 _aXXXX
_bXXXX
100 1 _aEimerl, Sarel
245 1 4 _aThe primates /
_cSarel Eimerl, Irven Devore, editors of Life
260 _aNew York :
_bTime,
_c1965.
300 _a200 p :
_bil., retrs.
_c28 cm.
490 1 _aLife nature library
504 _aBibliografia p: 193
700 1 2 _aDeVore, Irven
710 _aLife
830 0 _aLife nature library
910 _a144
942 _2ddc
_cBK
956 _aYngrid Lockward
999 _c9203
_d9203